[Event "GER-ch U12 Girls"]
[Site "Willingen"]
[Date "2021.08.23"]
[Round "2"]
[White "Terekhin, Maria"]
[Black "Hesse, Sariana"]
[Result "0-1"]
[WhiteElo "1030"]
[BlackElo "997"]
[PlyCount "102"]
[EventDate "2021.08.22"]
[EventType "swiss"]
[EventRounds "9"]
[EventCountry "GER"]
[SourceTitle "EXT 2022"]
[Source "ChessBase"]
[SourceDate "2021.10.06"]
[SourceVersion "1"]
[SourceVersionDate "2021.10.06"]
[SourceQuality "1"]

1. e4 e5 2. Nf3 Nc6 3. Bb5 a6 4. Ba4 Nf6 5. 0-0 Be7 6. Re1 0-0 7. c3 b5 8. Bc2 d6 9. h3 Bd7 10. d4 Qc8 11. d5 Bxh3 12. gxh3 Qxh3 13. Ng5 Qh4 14. dxc6 Ng4 15. Qf3 Bxg5 16. Bxg5 Qxg5 17. Qg3 h5 18. f3 h4 19. Qh3 Ne3+ 20. Kf2 Nxc2 21. Qg4 Qxg4 22. fxg4 Nxe1 23. Kxe1 Kh7 24. Kf2 Rh8 25. Kg2 Kg6 26. Kh3 Kg5 27. Nd2 Kf4 28. Rf1+ Ke3 29. Nf3 Ke2 30. Nh2 Raf8 31. Rf5 g6 32. Rf6 d5 33. exd5 e4 34. d6 cxd6 35. c7 e3 36. Nf3 Kd1 37. Rxd6+ Ke2 38. Rf6 Kd3 39. Rd6+ Ke4 40. Nd4 f5 41. Rxg6 Rfg8 42. gxf5 Kd3 43. Nf3 e2 44. Rxg8 Rxg8 45. Kxh4 Rc8 46. f6 Rxc7 47. Kg5 Ke3 48. Ne1 Rd7 49. Kg6 Kf2 50. f7 Rxf7 51. Kxf7 Kxe1 0-1